| 000 | 00820nam a2200253Ia 4500 | ||
|---|---|---|---|
| 003 | OSt | ||
| 005 | 20220918190303.0 | ||
| 006 | a|||||r|||| 00| 0 | ||
| 007 | ta | ||
| 008 | 220917b |||||||| |||| 00| 0 eng d | ||
| 024 | _a55,746 | ||
| 037 | _cTextual | ||
| 040 |
_aARTS _cARTS _beng |
||
| 041 |
_2eng _aeng |
||
| 082 | _aP15,C:3x4,1:g, M2 (P15) | ||
| 100 | _aSubramania Iyer K A | ||
| 245 | 0 |
_aVakya padiya _b some problems |
|
| 260 |
_aPoona _bBhandarkar Oriental Research Institute _c1982 |
||
| 300 |
_av,59p. _ccm. |
||
| 490 | _aBhandarkar Oriental Research Institute , Post-graduate and Research department series; 14. K V Abhyankar memorial lectures; 1 | ||
| 650 | _aLINGUISTICS | ||
| 942 |
_hP15,C:3x4,1:g, M2 (P15) _cTEXL _2CC |
||
| 999 |
_c184197 _d184197 |
||